Les Visiteurs (film) - Statistiques

Statistiques générales
  • Ce quiz a été pris 129 fois
  • Le résultat moyen est 8 sur 15
Statistiques - réponses
Hint Réponse % Correct
quel est le surnom de jacquouille? la fripouille
96%
Qui joue le comte de montmirail ? Jean Reno
95%
comment s'appelle la nouvelle copine de jacquouille? dame Ginette
76%
En quelle année sont-ils transportés dans le futur ? 1992
69%
quel est le surnom de Geoffroy de Montmirail ? le Hardi
60%
quelle sport pratique dame ginette avec Jacquouille ? le bowling
56%
Quelle est la cause de l'innondation ? lavabo
55%
avec Jacquouille esponge t-il l'innondation ? son poncho
50%
Qui a réalisé le film ? Jean-Marie Poiré
48%
Comment s'appelle le nouveau propriétaire du château ? Jacquart
47%
Quel ingrédient manque t-il à la potion? des oeufs de caille
45%
quel est le métier de Jacquouille? écuyer
43%
comment s'appelle l'enchanteur? Eusaebius
13%
Depuis quelle année d'origine? 1112
6%
quel est le lien familial entre Jacquouille et le nouveau propriétaire du château ? petit petit petit petit petit fillot
2%
Aucun quiz correspondant
Distribution des résultats
% des personnes avec chaque résultat
Percentile par nombre de réponses
Votre historique - résultats
Vous n’avez pas pris ce quiz